<?xml version="1.0" encoding="UTF-8"?>
<collection xmlns="http://www.loc.gov/MARC21/slim">
 <record>
  <leader>01837nam a2200181 a 4500</leader>
  <controlfield tag="001">1/31125</controlfield>
  <controlfield tag="008">      s1997    lu     f      00010 gre d</controlfield>
  <datafield tag="022" ind1="0" ind2=" ">
   <subfield code="a">1027-250X</subfield>
  </datafield>
  <datafield tag="028" ind1="3" ind2="1">
   <subfield code="a">GF-HA-97-036-GR-C</subfield>
  </datafield>
  <datafield tag="035" ind1=" " ind2=" ">
   <subfield code="l">33422</subfield>
  </datafield>
  <datafield tag="040" ind1=" " ind2=" ">
   <subfield code="a">GR-PeUP</subfield>
  </datafield>
  <datafield tag="084" ind1=" " ind2=" ">
   <subfield code="2">KET</subfield>
   <subfield code="a">CdR 174/97</subfield>
  </datafield>
  <datafield tag="110" ind1="2" ind2=" ">
   <subfield code="a">Επιτροπή των Περιφερειών της Ευρωπαϊκής Ένωσης.</subfield>
  </datafield>
  <datafield tag="245" ind1="1" ind2="0">
   <subfield code="a">Γνωμοδότηση για την &quot;ανακοίνωση της Επιτροπής προς το Συμβούλιο και το Κοινοβούλιο περί της κοινοτικής σταρτηγικής για την καταπολέμηση της όξινης βροχής, που συνοδεύεται από πρόταση οδηγίας σου Συμβουλίου σχετικά με την περιεκτικότητα ορισμένων υγρών καυσίμων σε θείο και την πρόταση για απόφαση του Συμβουλίου σχετικά με τη σύναψη εκ μέρους της Ευρωπαϊκής Κοινότητας του πρωτοκόλλου της σύμβασης του 1979 για τη διασυνοριακή μεταφορά ρύπανσης σε μεγάλες αποστάσεις με θέμα την περαιτέρω μείωση των εκπομπών θείου &quot; COM(97) 88 τελικό /</subfield>
   <subfield code="c">Επιτροπή των Περιφερειών</subfield>
  </datafield>
  <datafield tag="260" ind1="0" ind2=" ">
   <subfield code="a">Βρυξέλλες, Λουξεμβούργο:</subfield>
   <subfield code="b">Υπηρεσία Επισήμων Εκδόσεων των Ευρωπαϊκών Κοινοτήτων,</subfield>
   <subfield code="c">19.11.1997</subfield>
  </datafield>
  <datafield tag="300" ind1=" " ind2=" ">
   <subfield code="a">9 σ. :</subfield>
   <subfield code="c">30 εκ.</subfield>
  </datafield>
  <datafield tag="500" ind1=" " ind2=" ">
   <subfield code="a">CdR 174/97 fin</subfield>
  </datafield>
  <datafield tag="852" ind1=" " ind2=" ">
   <subfield code="a">INST</subfield>
   <subfield code="b">UNIPILB</subfield>
   <subfield code="c">KET</subfield>
   <subfield code="e">20061020</subfield>
   <subfield code="h">CdR 174/97</subfield>
   <subfield code="p">CdR 174/97</subfield>
   <subfield code="q">CdR 174/97</subfield>
   <subfield code="t">NOLOAN</subfield>
   <subfield code="y">23</subfield>
   <subfield code="4">1</subfield>
  </datafield>
 </record>
</collection>
